NetTravel : how travelers use the Internet
Αποθηκεύτηκε σε:
| Κύριος συγγραφέας: | |
|---|---|
| Μορφή: | Βιβλίο |
| Γλώσσα: | English |
| Δημοσίευση: |
Sebastopol, CA :
Songline studios ; O'Reilly,
c1997
|
| Θέματα: | |
| Ετικέτες: |
Προσθήκη ετικέτας
Δεν υπάρχουν, Καταχωρήστε ετικέτα πρώτοι!
|
MARC
| LEADER | 00000nam a2200000 i 4500 | ||
|---|---|---|---|
| 001 | 1/5361 | ||
| 008 | 000602s1997 eng d | ||
| 020 | |a 1565921720 | ||
| 035 | |l 10061555 | ||
| 040 | |a GR-MY-UA |b gre |e aacr | ||
| 041 | 0 | |a eng | |
| 082 | 0 | |a 025.0691 | |
| 100 | 1 | |a Shapiro, Michael |d 1962- | |
| 245 | 1 | 0 | |a NetTravel : |b how travelers use the Internet / |c Michael Shapiro |
| 260 | |a Sebastopol, CA : |b Songline studios ; O'Reilly, |c c1997 | ||
| 300 | |a xxviii, 284 p.; |b ill.; |c 24 cm.+ |e 1 computer laser optical disc (4 3/4 in.) | ||
| 504 | |a Includes index | ||
| 650 | 0 | 0 | |a Travel |x Computer network resources. |
| 650 | 0 | 0 | |a Internet. |
| 852 | |a INST |b SAMOS |e 20000602 |h 025.0691 SHA |p 005300015394 |q 005300015394 |t BK |y 0 | ||
| 852 | |a INST |b SAMOS |e 20000602 |h 025.0691 SHA |p 005300019709 |q 005300019709 |t BK |y 0 | ||
| 901 | |a BIBL3-2000-2 | ||
| 909 | |a Σ |b 075063 | ||
| 909 | |a Σ |b 075064 | ||
| 922 | |a 3ΕΛΗ |b 200003 |c ΤΠΕΣ/ΤΑΚΤ |d ΠΑΠΑΣΩΤΗΡΙΟΥ | ||
| 970 | |a ΓΕΝΟΥΖΟΥ |b ΧΡΥΣΑΝΘΗ |z 2000/06/02 | ||